000 00738nam a2200229Ia 4500
005 20250508164218.0
008 008 250505s9999 xx 000 0 eng d
020 _a0-8204-7884-9
037 _aTextBook
040 _aFEDL
_beng
_cFEDL
041 _aeng
_2eng
084 _a370.1523, BOW
_qFEDL
100 _aBowers C A
_9777703
245 0 _aFlase promises of constructivist theories of learning : Global and ecological critique
260 _aNew York, USA
_bPeter Lang
_c2005
300 _axiii,152p
365 _aUSD
_b26.99
490 _aA Book Series Of Curriculum Studies
_vV 14
650 _aLearning Psychology; Constructivism Education
_9777704
942 _cTB
_h370.1523, BOW
999 _c1387567
_d1387567